Martha says it with flowers / (Record no. 6433)

MARC details
000 -LEADER
fixed length control field 01350cam a2200433 a 4500
001 - CONTROL NUMBER
control field 6433
003 - CONTROL NUMBER IDENTIFIER
control field FISKH
005 - DATE AND TIME OF LATEST TRANSACTION
control field 20250820092704.0
008 - FIXED-LENGTH DATA ELEMENTS--GENERAL INFORMATION
fixed length control field 110207s2010 maua b 000 1 eng
010 ## - LIBRARY OF CONGRESS CONTROL NUMBER
LC control number 2010284060
020 ## - INTERNATIONAL STANDARD BOOK NUMBER
International Standard Book Number 9780547371597
020 ## - INTERNATIONAL STANDARD BOOK NUMBER
International Standard Book Number 9780547371597
020 ## - INTERNATIONAL STANDARD BOOK NUMBER
International Standard Book Number 0547371594
040 ## - CATALOGING SOURCE
Original cataloging agency DLC
Transcribing agency DLC
Language of cataloging eng
050 ## - LIBRARY OF CONGRESS CALL NUMBER
Classification number PZ7.M3567577
082 ## - DEWEY DECIMAL CLASSIFICATION NUMBER
Classification number 577
100 ## - MAIN ENTRY--PERSONAL NAME
Personal name Meddaugh, Susan
245 00 - TITLE STATEMENT
Title Martha says it with flowers /
260 ## - PUBLICATION, DISTRIBUTION, ETC.
Place of publication, distribution, etc. Boston :
Name of publisher, distributor, etc. Houghton Mifflin Harcourt,
Date of publication, distribution, etc. 2010.
300 ## - PHYSICAL DESCRIPTION
Extent 24 unnumbered pages :
Other physical details color illustrations ;
Dimensions 21 cm
490 0# - SERIES STATEMENT
Series statement Martha speaks
500 ## - GENERAL NOTE
General note "Based on a teleplay written by Peter K. Hirsch."
500 ## - GENERAL NOTE
General note "Based on characters created by Susan Meddaugh."
500 ## - GENERAL NOTE
General note "With 45 decorative stickers"--Cover.
505 ## - FORMATTED CONTENTS NOTE
Formatted contents note K<br/>
520 ## - SUMMARY, ETC.
Summary, etc. Martha tries to find the perfect birthday gift for Helen's Grandma Lucille.
521 8# - TARGET AUDIENCE NOTE
Target audience note 510<br/>
Source Lexile<br/>
521 8# - TARGET AUDIENCE NOTE
Target audience note K<br/>
Source Raz-Plus<br/>
650 #1 - SUBJECT ADDED ENTRY--TOPICAL TERM
Topical term or geographic name entry element Dogs
Form subdivision Fiction.
650 #1 - SUBJECT ADDED ENTRY--TOPICAL TERM
Topical term or geographic name entry element Birthdays
Form subdivision Fiction.
650 #1 - SUBJECT ADDED ENTRY--TOPICAL TERM
Topical term or geographic name entry element Grandmothers
Form subdivision Fiction.
650 #1 - SUBJECT ADDED ENTRY--TOPICAL TERM
Topical term or geographic name entry element Gifts
Form subdivision Fiction.
700 1# - ADDED ENTRY--PERSONAL NAME
Personal name Hirsch, Peter K.
Relator term Author
700 1# - ADDED ENTRY--PERSONAL NAME
Personal name Meddaugh, Susan.
Relator term illustrator
730 0# - ADDED ENTRY--UNIFORM TITLE
Uniform title Martha speaks (Television program)
906 ## - LOCAL DATA ELEMENT F, LDF (RLIN)
a 7
b cbc
c origres
d 2
e ncip
f 20
g y-gencatlg
942 ## - ADDED ENTRY ELEMENTS (KOHA)
Source of classification or shelving scheme Dewey Decimal Classification
Koha item type Books
Suppress in OPAC No
Holdings
Withdrawn status Lost status Source of classification or shelving scheme Damaged status Not for loan Collection Home library Current library Shelving location Date acquired Total Checkouts Full call number Barcode Date last seen Copy number Price effective from Koha item type
    Dewey Decimal Classification     Juvenile Fiction Footprints International School Library Network Toul Kork Campus Footprints International School Library Network Toul Kork Campus TK Primary Library Room(4th Floor), Bookcase 3&4, Shelves 17-32, Yellow Books 04/30/2025   MED 577 PZ7.M3567577 FISTK00963 04/30/2025 1 04/30/2025 Books
    Dewey Decimal Classification     Juvenile Fiction Footprints International School Library Network Toul Tom Poung Campus Footprints International School Library Network Toul Tom Poung Campus TTP Primary Yellow Bookshelves 08/20/2025   MED 577 PZ7.M3567577 FIS02815 08/20/2025 2 08/20/2025 Books